Gęstość ludności Miast na prawach powiatu - Statystyki

Ogólne statystyki
  • Ten quiz został rozwiązany 43 razy
  • Średni wynik to 11 z 15
Statystyki odpowiedzi
Gęstość km2 Województwo Miasto % Poprawnych
3 467,60 Mazowieckie Warszawa
94%
2 309,59 Łódzkie Łódź
91%
2 389,42 Małopolskie Kraków
85%
2 198,56 Dolnośląskie Wrocław
85%
2 302,48 Lubelskie Lublin
79%
2 135,46 Śląskie Zabrze
79%
2 913,79 Podlaskie Białystok
76%
2 185,33 Śląskie Sosnowiec
76%
2 368,19 Śląskie Bytom
74%
3 232,34 Śląskie Chorzów
74%
2 093,16 Pomorskie Słupsk
65%
2 083,82 Lubelskie Zamość
65%
2 456,31 Mazowieckie Siedlce
62%
3 708,72 Śląskie Świętochłowice
62%
2 611,25 Śląskie Siemianowice Śląskie
56%
Nie znaleziono quizów pasujących do podanych kryteriów
Rozkład punktacji
Procent ludzi z każdym wynikiem
Percentyl według liczby udzielonych odpowiedzi
Twoja historia wyników
Nie rozwiązałeś tego quizu